00652nam a2200169 a 450000100100000000500170001000800410002702000150006804000250008308200140010824500920012226001090021430000210032304900090034495201120035399900170046500002021620200929170322.0100728s1980 sp 000 0 spa d a8400045971 aDO-SdBNPbspacBNPHU axxxbH67300aHispanoamérica hacia 1776 :b(actas de la mesa real sobre América Hispana en 1776). aMadrid :bInstituto Gonzalo Fernández de Oviedo :bInstituto de Cooperación Iberoaméricana,c1980. a265 p. ;c23 cm. aBNPD 001050718MOaPDbPDcCTd2010-07-28iLF1l0oxxx H673p20216-10r2020-06-25w2020-06-25y1ZNo se presta c19721d19721